| Tag |
First Indicator |
Second Indicator |
Subfields |
| LEADER |
00000pam a2200000 i 4500 |
| 001 |
in00000050821 |
| 005 |
20151007073912.0 |
| 008 |
790605s1979 nyua b 00010 eng |
| 010 |
|
|
|a 79005083
|
| 020 |
|
|
|z 0394412400
|
| 020 |
|
|
|a 039450755X :
|c $25.00
|
| 035 |
|
|
|a (OCoLC)05102063
|
| 035 |
|
|
|9 AAF0589AM
|
| 040 |
|
|
|a DLC
|c DLC
|d TXA
|d UtOrBLW
|
| 049 |
|
|
|a TXAM [Also in] [Sp Coll]
|c 1 [1420900]
|a TXAS
|c 2 [1700603]
|
| 050 |
0 |
0 |
|a NC915.A35
|b R5
|
| 082 |
0 |
|
|a 741.2/9
|
| 110 |
2 |
|
|a Richard H. Childers Productions.
|
| 245 |
1 |
0 |
|a Air powered :
|b the art of the airbrush : a Richard H. Childers production /
|c text, Elyce Wakerman ; design, Bob Zoell, Rick Probst, W. Scott Griffiths.
|
| 250 |
|
|
|a 1st ed.
|
| 264 |
|
1 |
|a New York :
|b Random House,
|c [1979]
|
| 264 |
|
4 |
|c ©1979
|
| 300 |
|
|
|a 222 pages :
|b color illustrations ;
|c 31 cm.
|
| 336 |
|
|
|a text
|b txt
|2 rdacontent
|
| 337 |
|
|
|a unmediated
|b n
|2 rdamedia
|
| 338 |
|
|
|a volume
|b nc
|2 rdacarrier
|
| 504 |
|
|
|a Bibliography: page 222.
|
| 650 |
|
0 |
|a Airbrush art.
|
| 700 |
1 |
|
|a Wakerman, Elyce.
|
| 700 |
1 |
|
|a Zoell, Bob.
|
| 700 |
1 |
|
|a Probst, Rick.
|
| 700 |
1 |
|
|a Griffiths, W. Scott.
|
| 999 |
|
|
|a MARS
|
| 999 |
f |
f |
|s a1f46ecf-66ad-3edf-bee8-7eeb93ad7d39
|i a1ddbde6-1f3d-36bf-aa9a-3c80905528ae
|t 0
|
| 952 |
f |
f |
|p noncirc
|a Texas A&M University
|b College Station
|c Cushing Memorial Library & Archives
|d Cushing: Science Fiction (Does not check out)
|t 0
|e NC915.A35 R5
|f Oversize
|h Library of Congress classification
|i unmediated -- volume
|m A14800378743
|
| 952 |
f |
f |
|p ric
|a Texas A&M University
|b Rellis Campus
|c Joint Library Facility
|d Remote Storage
|t 0
|e NC915.A35 R5
|h Library of Congress classification
|i unmediated -- volume
|m A14803464527
|
| 998 |
f |
f |
|a NC915.A35 R5
|t 0
|l Remote Storage
|
| 998 |
f |
f |
|a NC915.A35 R5
|t 0
|l Cushing: Science Fiction (Does not check out)
|